01108nam1a22002411i 4500001001500000005001700015035002600032100004100058101000800099102000700107105001800114200020100132210003500333300006500368300009200433517006000525702003300585710014700618801001800765801002700783852002200810852003400832v19\rc\122033920260407002230.0 a(NLR Aleph) 004382580 a20060306d1875 |||y0rusy50 ca0 arus aRU ay z |||||1 aБюллетень о мореходных классах...f[Соч.] члена-делопроизводителя О-ва для содействия рус. торг. мореходству a[Москва]dценз. 1875 aВ конце текста сост.: Х. Вальдемар aВ изд. 1876-1877 загл.: Бюллетень о мореходных школах0 aБюллетень о мореходных школах 1aВальдемарbХ.422002aОбщество для содействия русскому торговому мореходствуcМосква3RU\NLR\AUTH\889992787 0aRUbNLRgpsbo 1aRUbProSoft-M2rusmarc aNLRj18.116.1.295 aNLRj+Шифры разные